书目信息 |
| 题名: |
铁道游击队
|
|
| 作者: | 知侠 著 | |
| 分册: | ||
| 出版信息: | 北京 解放军文艺出版社 2007.07 |
|
| 页数: | 526页 | |
| 开本: | 21cm | |
| 丛书名: | 红色战争经典长篇小说丛书 | |
| 单 册: | ||
| 中图分类: | I247.52 | |
| 科图分类: | ||
| 主题词: | 长篇小说 , 长篇小说--中国--现代 | |
| 电子资源: | ||
| ISBN: | 978-7-5033-2065-1 | |
| 000 | 00725oam2 2200265 450 | |
| 001 | 1241564166 | |
| 005 | 20120107113309.87 | |
| 010 | @a978-7-5033-2065-1@dCNY27.00 | |
| 090 | @aI247.52@bzx | |
| 096 | @aI247.52@bzx | |
| 100 | @a20070402d2007 em y0chiy50 ea | |
| 101 | 0 | @achi |
| 102 | @aCN@b110000 | |
| 105 | @ay z 000ay | |
| 200 | 1 | @a铁道游击队@b专著@f知侠著@9tie dao you ji dui |
| 210 | @a北京@c解放军文艺出版社@d2007.07 | |
| 215 | @a526页@d21cm | |
| 225 | 2 | @a红色战争经典长篇小说丛书 |
| 461 | 0 | @1001003613399 |
| 606 | 0 | @a长篇小说 |
| 606 | 0 | @a长篇小说@y中国@z现代 |
| 690 | @aI247.52@v4 | |
| 701 | 0 | @a知侠@f(1918~1991)@4著@9zhi xia |
| 801 | 0 | @aCN@b110019@c20070815 |
| 905 | @aZUCC@dI247.52@eZ470 | |
| 铁道游击队/知侠著.-北京:解放军文艺出版社,2007.07 |
| 526页;21cm.-(红色战争经典长篇小说丛书) |
| ISBN 978-7-5033-2065-1:CNY27.00 |
| ● |
| 相关链接 |
|
|
|
正题名:铁道游击队
索取号:I247.52/Z470
 
预约/预借
| 序号 | 登录号 | 条形码 | 馆藏地/架位号 | 状态 | 备注 |
| 1 | 480195 | 204801955 | 文学库108/108文学库 43排1列4层/ [索取号:I247.52/Z470] | 在馆 | |
| 2 | 480196 | 204801964 | 文学库108/108文学库 43排1列4层/ [索取号:I247.52/Z470] | 在馆 | |
| 3 | 480197 | 204801973 | 文学库108/108文学库 43排2列3层/ [索取号:I247.52/Z470] | 在馆 |